Lengua, etnicidad y nacionalismo (Record no. 180268)

MARC details
000 -LEADER
campo de control de longitud fija 00916nam a2200265 i 4500
001 - NÚMERO DE CONTROL
campo de control 180268
003 - IDENTIFICADOR DE NÚMERO DE CONTROL
campo de control ES-MaACL
005 - FECHA Y HORA DE LA ÚLTIMA TRANSACCIÓN
campo de control 20250727032056.0
008 - DATOS DE LONGITUD FIJA--INFORMACIÓN GENERAL
campo de control de longitud fija 120522s1993 sp | |||| ||spa d
020 ## - NÚMERO INTERNACIONAL ESTÁNDAR DEL LIBRO
Número Internacional Estándar del Libro 84-7658-411-3
080 ## - NÚMERO DE LA CLASIFICACIÓN DECIMAL UNIVERSAL
Número de la Clasificación Decimal Universal 809.169:32
080 ## - NÚMERO DE LA CLASIFICACIÓN DECIMAL UNIVERSAL
Número de la Clasificación Decimal Universal 809.169:316.7
100 1# - ENTRADA PRINCIPAL--NOMBRE DE PERSONA
Nombre de persona Apaolaza, José Miguel.
9 (RLIN) 150077
245 10 - MENCIÓN DEL TÍTULO
Título Lengua, etnicidad y nacionalismo
Resto del título : su concreción en Salvatierra (Álava) /
Mención de responsabilidad, etc. José Miguel (Txemi) Apaolaza ; prólogo de Teresa del Valle.
250 ## - MENCION DE EDICION
Mención de edición 1º ed.
260 ## - PUBLICACIÓN, DISTRIBUCIÓN, ETC.
Lugar de publicación, distribución, etc. Barcelona :
Nombre del editor, distribuidor, etc. Anthropos,
Fecha de publicación, distribución, etc. 1993.
300 ## - DESCRIPCIÓN FÍSICA
Extensión 72 p. ;
Dimensiones 27 cm.
490 1# - MENCIÓN DE SERIE
Mención de serie Cuadernos de antropología. Areas culturales ;
Designación de volumen o secuencia 13
504 ## - NOTA DE BIBLIOGRAFÍA, ETC.
Nota de bibliografía, etc. Bibliografía: 70-72.
650 04 - PUNTO DE ACCESO ADICIONAL DE MATERIA--TÉRMINO DE MATERIA
Término de materia o nombre geográfico como elemento de entrada Lengua vasca-
Subdivisión general Aspectos sociales.
9 (RLIN) 14330
700 1# - ENTRADA AGREGADA--NOMBRE PERSONAL
Nombre de persona Valle, Teresa del.
9 (RLIN) 112776
830 0# - PUNTO DE ACCESO ADICIONAL DE SERIE-TÍTULO UNIFORME
Título uniforme Cuadernos de antropología
Designación de volumen o secuencia 13
9 (RLIN) 224620
852 ## - LOCALIZACIÓN
Ubicación ES-MaACL
Número de control de estantería 2313-F-13
Holdings
Estatus retirado Estado de pérdida Estado de daño No para préstamo Colección Biblioteca de origen Biblioteca actual Ubicación en estantería Fecha de adquisición Fuente de adquisición Total de préstamos Signatura topográfica completa Código de barras Visto por última vez Precio de reemplazo Tipo de ítem Koha
        Colección de folletos Biblioteca del Ateneo de Madrid Biblioteca del Ateneo de Madrid Depósito folletos 22/05/2012     2313-F-13 1189417 23/02/2023 23/02/2023 Folleto